[Event "GER-ch Net Amateur Gr-C Final"]
[Site "Playchess.com INT"]
[Date "2020.04.18"]
[Round "3"]
[White "Ruddat, Jarne"]
[Black "Krishnachandran, Srihari"]
[Result "0-1"]
[WhiteElo "1687"]
[BlackElo "1748"]
[PlyCount "96"]
[EventDate "2020.04.18"]
[EventType "swiss (blitz)"]
[EventRounds "13"]
[EventCountry "GER"]
[SourceTitle "CBM 195 Extra"]
[Source "ChessBase"]
[SourceDate "2020.05.31"]
[SourceVersion "1"]
[SourceVersionDate "2020.05.31"]
[SourceQuality "1"]

1. e4 c5 2. Nc3 Nc6 3. f4 g6 4. Nf3 Bg7 5. Bb5 Nd4 6. d3 a6 7. Bc4 e6 8. a4 Ne7 9. 0-0 0-0 10. Nxd4 cxd4 11. Ne2 Nc6 12. b3 e5 13. fxe5 Nxe5 14. Ba3 d6 15. Nf4 Nxc4 16. dxc4 Re8 17. Qd3 f5 18. exf5 Bxf5 19. Qd2 d3 20. cxd3 Bxa1 21. Rxa1 Qb6+ 22. Kh1 Rad8 23. b4 Qd4 24. Rf1 Re3 25. Bb2 Qb6 26. c5 dxc5 27. Qxe3 Qxb4 28. Qe5 Kf7 29. Qf6+ Ke8 30. Bc3 Qxa4 31. Re1+ Kd7 32. Qe7+ Kc8 33. Be5 Bd7 34. Qxc5+ Qc6 35. Qxc6+ Bxc6 36. Rc1 Re8 37. Bb2 Kd7 38. Kg1 Rf8 39. Ne2 Re8 40. Ng3 Bb5 41. d4 Kd6 42. Ba3+ Kd7 43. Nf1 Bc6 44. Rc5 Re2 45. d5 Bb5 46. d6 Re1 47. Rc7+ Kd8 48. Re7 Rxf1# 0-1